Convenio entre España y Francia para fijar los derechos civiles de los respectivos súbditos y las atribuciones de los Agentes consulares destinados a protegerlos, firmado en Madrid el 7 de enero de 1862. (Record no. 47187)

MARC details
000 -LEADER
campo de control de longitud fija 00631nam a2200181 i 4500
001 - NÚMERO DE CONTROL
campo de control 47187
003 - IDENTIFICADOR DE NÚMERO DE CONTROL
campo de control ES-MaACL
005 - FECHA Y HORA DE LA ÚLTIMA TRANSACCIÓN
campo de control 20250827062603.0
007 - CAMPO FIJO DE DESCRIPCIÓN FÍSICA--INFORMACIÓN GENERAL
campo de control de longitud fija t|
008 - DATOS DE LONGITUD FIJA--INFORMACIÓN GENERAL
campo de control de longitud fija 030404q18601869sp ||||1| spa d
110 1# - ENTRADA PRINCIPAL--NOMBRE DE ENTIDAD CORPORATIVA
Nombre de entidad corporativa o nombre de jurisdicción como elemento de entrada España
9 (RLIN) 3622
240 #0 - TÍTULO UNIFORME
Título uniforme Tratados, etc. Francia, 1862
245 10 - MENCIÓN DEL TÍTULO
Título Convenio entre España y Francia para fijar los derechos civiles de los respectivos súbditos y las atribuciones de los Agentes consulares destinados a protegerlos, firmado en Madrid el 7 de enero de 1862.
260 ## - PUBLICACIÓN, DISTRIBUCIÓN, ETC.
Lugar de publicación, distribución, etc. [S.l. :
Nombre del editor, distribuidor, etc. s.n.,
Fecha de publicación, distribución, etc. 186-?]
300 ## - DESCRIPCIÓN FÍSICA
Extensión 20 p. ;
Dimensiones 28 cm.
852 ## - LOCALIZACIÓN
Ubicación ES-MaACL
Número de control de estantería Fol-Laf-189
Holdings
Estatus retirado Estado de pérdida Estado de daño No para préstamo Colección Biblioteca de origen Biblioteca actual Ubicación en estantería Fecha de adquisición Fuente de adquisición Total de préstamos Signatura topográfica completa Código de barras Visto por última vez Precio de reemplazo Tipo de ítem Koha
        Colección de folletos Biblioteca del Ateneo de Madrid Biblioteca del Ateneo de Madrid Depósito folletos 17/01/2008     Fol-Laf-189 1049632 23/02/2023 23/02/2023 Folleto